| 000 | 00939nac a22003017a 4500 | ||
|---|---|---|---|
| 001 | BR7806187 | ||
| 003 | BR-BrBNA | ||
| 005 | 20240105114316.0 | ||
| 008 | 230509b bl.|||m| |||| 00| 0 por d | ||
| 040 |
_aBR-BrBNA _bpor _cBiblioteca Nacional de Agricultura |
||
| 072 | _aL00; L70; L10 | ||
| 090 | _a5213 BR7806187 | ||
| 110 | 1 |
_aServico Nacional de Formacao Profissional Rural, Brasilia, DF (Brasil) _99371 |
|
| 245 | 1 | _aCriador de gado de corte [criacao, manejo] | |
| 260 | 3 |
_aBrasilia, DF (Brasil): _c1979. |
|
| 300 | _a346 p. | ||
| 490 |
_aColecao Basica Rural - Servico Nacional de Formacao Profissional Rural (Brazil) _vno. 8 _x |
||
| 650 | _aGADO DE CORTE | ||
| 650 | _aNUTRICAO ANIMAL | ||
| 650 | _aMEDICAMENTO | ||
| 650 | _aDESINFECCAO | ||
| 650 | _aHIGIENE VETERINARIA | ||
| 650 | _aDESCORNA | ||
| 650 | _aSILO | ||
| 650 | _aMANEJO | ||
| 909 |
_a202312 _bLúcia Elande _c55 _dLúcia Elande |
||
| 942 |
_2AGRIS _n0 _cMS |
||
| 999 |
_c268604 _d268604 |
||